000 00667nam a2200229Ia 4500
008 140626s9999 xx 000 0 und d
100 _aCastaƱeda, Laura.
245 _aDisruption and innovation :
_b online learning and degrees at accredited journalism schools and programs /
_c Laura.CastaƱeda
260 _cc2011.
300 _a66 : 4, page 361
440 _aJournalism and Mass Communication Educator
521 _aMC
650 _a Journalism.
650 _aAccreditation.
650 _aCollege.
650 _aCommunication.
650 _aEducation.
650 _aInternet.
650 _aOnline learning.
650 _aPrograms.
942 _cSE
999 _c121227
_d121227